Catálogo
 En Linea

El gaitero de la aldea : (Registro nro. 34638)

Detalles MARC
000 -CABECERA
campo de control de longitud fija 00659nam a2200169 a 4500
001 - NÚMERO DE CONTROL
campo de control 000035147
005 - FECHA Y HORA DE LA ÚLTIMA TRANSACCIÓN
campo de control 20200930074132.0
008 - DATOS DE LONGITUD FIJA--INFORMACIÓN GENERAL
campo de control de longitud fija 111025s1917 sp 000 0 spa d
040 ## - FUENTE DE LA CATALOGACIÓN
Centro catalogador/agencia de origen DO-SdBNP
Lengua de catalogación spa
Centro/agencia transcriptor BNPHU
082 ## - NÚMERO DE LA CLASIFICACIÓN DECIMAL DEWEY
Número de clasificación xxxx
Número de documento/Ítem L953g
100 1# - ENTRADA PRINCIPAL--NOMBRE DE PERSONA
Nombre de persona García Conde, Luis
9 (RLIN) 60853
245 13 - MENCIÓN DE TÍTULO
Título El gaitero de la aldea :
Resto del título comedia lírica en un acto y tres cuadros, en prosa y verso : /
Mención de responsabilidad, etc. Luís García Conde, Arturo Briones ; música Teodoro Valdovinos.
260 ## - PUBLICACIÓN, DISTRIBUCIÓN, ETC.
Lugar de publicación, distribución, etc. Madrid :
Nombre del editor, distribuidor, etc. R. Velasco,
Fecha de publicación, distribución, etc. 1917.
500 ## - NOTA GENERAL
Nota general Estrenada en el Teatro Parque de El Paraíso el 2 de agosto de 1917
700 12 - PUNTO DE ACCESO ADICIONAL--NOMBRE DE PERSONA
Nombre de persona Briones, Arturo
9 (RLIN) 60854
700 12 - PUNTO DE ACCESO ADICIONAL--NOMBRE DE PERSONA
Nombre de persona Valdovinos, Teodoro,
Término indicativo de función/relación mús.
9 (RLIN) 60855
Existencias
Estado de retiro Estado de pérdida Restricciones de uso No para préstamo Código de colección Localización permanente Ubicación/localización actual Ubicación en estantería Fecha de adquisición Número de inventario Total de préstamos Signatura topográfica completa Código de barras Fecha visto por última vez Precio válido a partir de Tipo de ítem Koha
      Excluido de préstamo Monografías: Libros y Folletos General General En catalogación 25.10.2011 LF1   xxxx L953g 35147-10 25.06.2020 25.06.2020 No se presta

Con tecnología Koha